Xuất nhập cảng nông phẩm của Việt Nam Cộng Hoà

Đã lưu trong:
书目详细资料
格式: Sách giấy
语言:Vietnamese
出版: Sàigòn : Bộ Canh Nông , 1974
标签: 添加标签
没有标签, 成为第一个标记此记录!
Thư viện lưu trữ: Thư viện Trường Đại học Đà Lạt
LEADER 00569nam a2200241 4500
001 DLU020014449
005 ##6/30/2000
020 # # |a 978- 
041 # # |a vie 
082 # # |a 382.095 97  |b BOC 
090 # # |a 382.095 97  |b BOC 
245 # # |a Xuất nhập cảng nông phẩm của Việt Nam Cộng Hoà 
260 # # |a Sàigòn :  |b Bộ Canh Nông ,  |c 1974 
300 # # |a 113 tr.;   |c 26 cm. 
992 # # |a 169 
994 # # |a DLU 
900 # # |a False 
911 # # |a Administrator 
925 # # |a G 
926 # # |a A 
927 # # |a SH 
980 # # |a Thư viện Trường Đại học Đà Lạt